000
00313nam a22001457a 4500
003
SGT
020
_a
2-88046-064-6
082
_a
645
_b
A87L
100
_a
LATIS, SILVIA
245
_a
ABITARE MANNUAL-2
260
_a
NEW DELHI
_b
ABITARE PUB
_c
1987
300
_a
287
650
_a
HOTEL MANAGEMENT
942
_2
ddc
_c
BK
999
_c
12965
_d
12965